00690nam a2200217Ia 450000500170000000800410001702000180005808200170007624500620009326000690015530000170022465000140024165000130025565000130026865000110028170000280029270000320032094200060035295200990035899900150045720240821024927.0240331s9999 xx 000 0 und d a9789555801324 bHERa613.042 0aHealing the wounds :b rebuilding Sri Lanka after the war aColombo and KandybInternational Centre for Ethnic Studiesc2012 axi, 209 p ., aEthnicity aPolitics aCultural aSocial aHerath, Dhammika. eedt aSilva, Kalinga Tudor. eedt cL 001040708LaWERCLbWERCLcSSCd2024-03-31l0o 613.042 HERp6846r2024-03-31w2024-03-31yL c5854d5854